Ne gündü ama ! / (Record no. 22241)

MARC details
000 -BAŞLIK
Sabit Uzunluktaki Kontrol Alanı 00573nam a22001817a 4500
003 - KONTROL NUMARASI KİMLİĞİ
Kontrol Alanı koha_MIRAKIL
005 - EN SON İŞLEM TARİHİ ve ZAMANI
Kontrol Alanı 20250512145606.0
008 - SABİT UZUNLUKTAKİ VERİ ÖGELERİ - GENEL BİLGİ
Sabit Alan 250512b tur||||| |||| 00| 0 tur d
020 ## - ISBN - ULUSLARARASI STANDART KİTAP NUMARASI
Isbn 9786256915152
040 ## - KATALOGLAMA KAYNAĞI
Özgün Kataloglama Kurumu TR-IsEVY
Kataloglama Dili tur
Çeviri Kurumu TR-IsEVY
082 ## - DEWEY ONU SINIFLAMA SİSTEMİ
Sınıflama Numarası FIC KOR/N
100 ## - KİŞİ ADI
Yazar Adı (Kişi adı) Korman, Huban
245 #0 - ESER ADI BİLDİRİMİ
Başlık Ne gündü ama ! /
Sorumluluk Bildirimi Huban Korman.
260 ## - YAYIN, DAĞITIM, VB.
Yayın Yeri İstanbul :
Yayınevi Günışığı kitaplığı,
Yayın Tarihi 2023.
300 ## - FİZİKSEL TANIMLAMA
Sayfa, Cilt vb. 35 s. :
Diğer fiziki detaylar renkli resimli ;
Boyutları 18X26 cm.
650 ## - KONU BAŞLIĞI EK GİRİŞ - KONU TERİMİ
Konusal terim veya coğrafi ad Çocuk edebiyatı.
Alt başlık biçimi Resimli Kitaplar.
-- Can Sıkıntısı.
-- Memnuniyetsizlik.
942 ## - EK GİRİŞ ÖGELERİ (KOHA)
Source of classification or shelving scheme Dewey Decimal Classification
Koha item type Kitap
Holdings
Kayıp Durumu Sınıflandırma Kaynağı Hasarlı Durumu Koleksiyon Kodu Kalıcı Konum Mevcut Konum Kayıt Tarih Edinim Kaynağı Toplam Ödünçverme Yer Numarası Demirbaş Numarası Son Görülme Tarihi Son Kontrol Tarihi Fatura Tarihi Materyal Türü Kopya Bilgisi
  Dewey Decimal Classification   İlkokul İLKOKUL KÜTÜPHANESİ İLKOKUL KÜTÜPHANESİ 12/05/2025 Satınalma 4 FIC KOR/N 23533 09/04/2026 01/04/2026 12/05/2025 Kitap  
  Dewey Decimal Classification   İlkokul İLKOKUL KÜTÜPHANESİ İLKOKUL KÜTÜPHANESİ 22/10/2025 Bağış 5 FIC KOR/N 24285 05/03/2026 12/02/2026 22/10/2025 Kitap k.2